| 000 | 00630nam a22002177a 4500 | ||
|---|---|---|---|
| 005 | 20251108173603.0 | ||
| 008 | 250721s2005 xx 000 0 ara d | ||
| 082 | 1 | 4 | _aط/925.3/حسي |
| 100 | 1 | _aحسيب، جمال | |
| 245 | 1 | 0 | _aإسحاق نيوتن / |
| 264 | 1 |
_aالقاهرة : _bدار الامل للنشر والتوزيع، _c2005. |
|
| 300 | _a16ص. | ||
| 490 | 0 | _aصناع الحضارة | |
| 650 | 1 | 7 | _aالتراجم |
| 650 | 1 | 7 | _aالعلماء |
| 650 | 1 | 7 | _aالمكتشفون |
| 650 | 1 | 7 | _aالمخترعون |
| 653 | _aناشئون صغار (10-14)سنة | ||
| 942 |
_2ddc _cBK |
||
| 999 |
_c107509 _d107509 |
||